| 000 | 00454 a2200193 4500 | ||
|---|---|---|---|
| 999 |
_c73732 _d23068 |
||
| 001 | 73732 | ||
| 003 | TR-AnTOB | ||
| 005 | 20190322122621.0 | ||
| 008 | 161110b tu 000 0 | ||
| 040 |
_aTR-AnTOB _cTR-AnTOB |
||
| 041 | _atur | ||
| 050 | _aDS51 | ||
| 090 | _aDS51 | ||
| 245 | 0 | 0 |
_aI. Çorum çevre fotoğraf yarışması : _bÇevre ve insan. |
| 264 | 1 |
_aAnkara : _bVaran, _c2001. |
|
| 300 |
_a[s.y.] ; _c22 cm. |
||
| 902 | _a0015695(021331) | ||
| 942 |
_cBK _2lcc |
||